Anarchism and Other Essays /

Serie de ensayos publicados en 1911 por la autora en la que aborda temas del anarquismo imperante en le época y cuestiones de la emancipación de la mujer. Además aborda la psicología de la violencia, las prisiones un crimen social y un fracaso, El patriotismo una amenaza ala libertas, La hipocresía...

Celý popis

Uloženo v:
Podrobná bibliografie
Hlavní autor: Goldman, Emma (autor)
Médium: Kniha
Jazyk:angličtina
Vydáno: Boulder, EUA : NetLibrary [distribución], 2008
Auckland, Nueva Zelanda : Floating Press, 2008, c2008
Témata:
On-line přístup:Ver documento en línea
Tagy: Přidat tag

MARC

LEADER 00000nam^a2200000^a^4500
001 000316553
005 20251023000000.0
009 20260310113318.017
020 |a 978-1-775411-86-4 
020 |a 1-775411-86-9 
037 |a Acervo ITESO - Biblioteca 
041 |a ING 
082 |a 335. 83  |b GOL 
100 |a Goldman, Emma  |e (autor) 
245 1 0 |a Anarchism and Other Essays /  |c E. Goldman. 
264 4 |a Boulder, EUA :  |b NetLibrary [distribución],  |c 2008 
264 4 |a Auckland, Nueva Zelanda :  |b Floating Press,  |c 2008, c2008 
300 |a 1 libro electrónico en línea (326 p.) 
336 |a datos para computadora  |b cod  |2 rdacontenido 
337 |a computadora  |b c  |2 rdamedio 
338 |a recurso en línea  |b cr  |2 rdasoporte 
506 1 |a 1 licencia 
520 |a Serie de ensayos publicados en 1911 por la autora en la que aborda temas del anarquismo imperante en le época y cuestiones de la emancipación de la mujer. Además aborda la psicología de la violencia, las prisiones un crimen social y un fracaso, El patriotismo una amenaza ala libertas, La hipocresía del puritanismo y Francisco Ferrer y la escuela moderna. 
649 |a XX 
650 |a Minorías 
650 |a Tráfico de Personas 
650 |a Matrimonio 
650 |a Violencia Política -  |x Aspectos Psicológicos 
650 |a Sufragismo 
650 |a Feminismo -  |x Tema Principal 
650 |a Anarquismo -  |x Tema Principal 
650 |a Movimientos Sociales 
650 |a Ideología 
650 |a Política -  |x Teoría 
650 |a Política 
856 4 0 |u https://ezproxy.iteso.mx/login?url=https://search.ebscohost.com/login.aspx?direct=true&scope=site&db=nlebk&db=nlabk&AN=313523  |y Ver documento en línea 
910 |a Fondo General 
920 |a Electrónicos - Libros en Línea 
930 |a Plataforma Digital 
905 |a 205 
901 |a 316553  |b IT2  |c EBO  |i C295  |u 20250521 
902 |a https://opac.biblio.iteso.mx/vufind/Record/000316553